header

A parliament of science (Record no. 112324)

MARC details
000 -LEADER
fixed length control field 01459nam a2200373Ia 4500
082 04 - DEWEY DECIMAL CLASSIFICATION NUMBER
Classification number 303.48/3/0905
245 02 - TITLE STATEMENT
Title A parliament of science
260 ## - PUBLICATION, DISTRIBUTION, ETC. (IMPRINT)
Place of publication Albany :
Name of publisher State University of New York Press,
Year of publication c2003.
300 ## - PHYSICAL DESCRIPTION
Number of Pages vii, 171 p. :
Other physical details ill.
650 #0 - SUBJECT ADDED ENTRY--TOPICAL TERM
Topical Term Science
Topical Term Technological forecasting.
Topical Term Twenty-first century
700 1# - ADDED ENTRY--PERSONAL NAME
Personal name Tobias, Michael.
Personal name Timmers, Teun.
Personal name Wright, Gill.
856 40 - ELECTRONIC LOCATION AND ACCESS
Uniform Resource Identifier http://site.ebrary.com/lib/rucke/Doc?id=10594846

No items available.

© 2026 Rongo University
Contact us: librarian | system librarian | Rongo university